00770 2200205 4500001002100000005001500021035002000036007000300056008003900059082002200098084002800120100002800148245024500176260004800421300001600469650002900485856001800514990001600532990001600548INLIS00000000000317120201124023427 a0010-1120000103ta201124 | | |  a612.607 259 815 5 a612.607 259 815 5 SIT k0 aSITTI PATIMAH FIRDAWATI1 aKTI:Pengaruh Pendidikan Kesehatan Terhadap Tingkat Pengetahuan Dan Sikap Remaja Tentang Penyakit Menular Seksual di RT 012 Kelurahan Kampung Nelayan Kecamatan Tungkal Ilir Kabupaten Tanjung Jabung Barat Tahun 2020 /cSITTI PATIMAH FIRDAWATI aJambi :bUniversitas Adiwangsa Jambi,c2020 a- :b- ;c- aPenyakit menular seksual aKTI Kebidanan a00000007053 a00000007053